[Event "Senta op-A 11th"]
[Site "Senta"]
[Date "2007.07.22"]
[Round "2"]
[White "Bantic, Mihail"]
[Black "Dragovic, Momcilo"]
[Result "0-1"]
[WhiteElo "2225"]
[BlackElo "2392"]
[PlyCount "150"]
[EventDate "2007.07.21"]
[EventType "swiss"]
[EventRounds "9"]
[EventCountry "YUG"]
[SourceTitle "CBM 119 Extra"]
[Source "ChessBase"]
[SourceDate "2007.09.04"]
[SourceVersion "1"]
[SourceVersionDate "2007.09.04"]
[SourceQuality "1"]

1. Nf3 Nf6 2. c4 d6 3. g3 g6 4. b3 Bg7 5. Bb2 c5 6. Bg2 Nc6 7. 0-0 Bf5 8. d3 Qd7 9. Re1 e5 10. Nbd2 0-0 11. Nf1 Bh3 12. Bh1 h6 13. e4 Ng4 14. Ne3 Nxe3 15. fxe3 f5 16. exf5 Qxf5 17. e4 Qf6 18. Bg2 Bg4 19. Rf1 Qe6 20. Qd2 g5 21. Rf2 Rf7 22. Raf1 Raf8 23. Ne1 Bf6 24. Nc2 Bd8 25. Rxf7 Rxf7 26. Rxf7 Qxf7 27. h3 Be6 28. Ne3 Ba5 29. Qe2 a6 30. Bf1 Ne7 31. Qf2 Qxf2+ 32. Kxf2 Bd2 33. Ke2 Bxe3 34. Kxe3 Kg7 35. Bc3 Nc6 36. Kf2 b5 37. Kg2 b4 38. Bb2 Kg6 39. Be2 h5 40. Bd1 Ne7 41. Bc1 Nc6 42. Bb2 a5 43. Kh2 Bd7 44. Kg2 Ne7 45. Bc1 Nc8 46. Kh2 Nb6 47. Kg2 a4 48. Kh2 a3 49. Kg2 Nc8 50. Kh2 Ne7 51. Kg2 Nc6 52. Be3 Nd8 53. Bc1 Ne6 54. Be3 h4 55. g4 Nf4+ 56. Bxf4 exf4 57. Kf2 Kf6 58. Bf3 Ke5 59. Ke1 Be8 60. Kd2 Kd4 61. Bd1 Bd7 62. Bf3 Bc6 63. Be2 Bxe4 64. dxe4 Kxe4 65. Kd1 f3 66. Bf1 d5 67. cxd5 Kxd5 68. Kd2 Ke4 69. Bd3+ Kf4 70. Ke1 Kg3 71. Bf1 f2+ 72. Kd2 Kh2 73. Ke3 Kg1 74. Ke2 c4 75. bxc4 b3 0-1

[Event "Senta op-A 11th"]
[Site "Senta"]
[Date "2007.07.21"]
[Round "1"]
[White "Dragovic, Momcilo"]
[Black "Djuric, Nebojsa"]
[Result "1-0"]
[WhiteElo "2392"]
[BlackElo "2119"]
[PlyCount "147"]
[EventDate "2007.07.21"]
[EventType "swiss"]
[EventRounds "9"]
[EventCountry "YUG"]
[SourceTitle "CBM 119 Extra"]
[Source "ChessBase"]
[SourceDate "2007.09.04"]
[SourceVersion "1"]
[SourceVersionDate "2007.09.04"]
[SourceQuality "1"]

1. e4 c5 2. Nf3 d6 3. d4 cxd4 4. Nxd4 Nf6 5. Nc3 a6 6. a4 e6 7. Be2 Be7 8. 0-0 Qc7 9. Be3 b6 10. f4 Bb7 11. Bf3 Nbd7 12. Kh1 0-0 13. Bg1 Nc5 14. Qe2 d5 15. exd5 Nxd5 16. Nxd5 exd5 17. a5 b5 18. Qd2 Ne4 19. Bxe4 dxe4 20. Nf5 Bf6 21. Bb6 Qc8 22. Nd6 Qc6 23. Nxb7 Qxb7 24. c3 Bd8 25. Bd4 f5 26. b3 Qc6 27. c4 Bf6 28. Bxf6 Rxf6 29. Rfd1 Re6 30. Rac1 e3 31. Qe2 bxc4 32. bxc4 Qe4 33. c5 Qxf4 34. c6 Rc8 35. Qxa6 Qc7 36. Qb5 e2 37. Re1 Rxc6 38. Rxc6 Qxc6 39. Qxe2 g6 40. a6 Ra8 41. Ra1 Qb6 42. Qa2+ Kg7 43. a7 Qb7 44. h3 h5 45. Qd2 Kh7 46. Qf2 Qc7 47. Qd4 Qb7 48. Qc5 Kh6 49. Kh2 Kh7 50. Ra2 Kh6 51. Ra4 Kh7 52. h4 Kh6 53. Qg1 Kh7 54. Qa1 Qc7+ 55. Kh1 Qb7 56. Ra6 Qe7 57. Qd4 Kh6 58. Kh2 Kh7 59. Kh3 Qe2 60. Ra4 Qe7 61. Kh2 Qc7+ 62. Kh1 Qc1+ 63. Qg1 Qc7 64. Qe3 Qb7 65. Ra1 Kg7 66. Qd4+ Kh7 67. Qc5 Kh6 68. Qa5 Kh7 69. Qa3 Kh6 70. Qf3 Qc8 71. Rb1 Kh7 72. Rb7+ Kh8 73. Re7 Qd8 74. Qc3+ 1-0